Encyclopedia of geomorphology / (Record no. 532454)

000 -LEADER
fixed length control field 01506cam a22004214a 4500
001 - CONTROL NUMBER
control field 13181139
003 - CONTROL NUMBER IDENTIFIER
control field NUST
005 - DATE AND TIME OF LATEST TRANSACTION
control field 20191121102737.0
008 - FIXED-LENGTH DATA ELEMENTS--GENERAL INFORMATION
fixed length control field 030430s2004 enkab be 001 0 eng
010 ## - LIBRARY OF CONGRESS CONTROL NUMBER
LC control number 2003046892
015 ## - NATIONAL BIBLIOGRAPHY NUMBER
National bibliography number GBA3-U8324
020 ## - INTERNATIONAL STANDARD BOOK NUMBER
International Standard Book Number 041527298X (set : alk. paper)
020 ## - INTERNATIONAL STANDARD BOOK NUMBER
International Standard Book Number 9780415272988 (set : alk. paper)
020 ## - INTERNATIONAL STANDARD BOOK NUMBER
International Standard Book Number 0415327377 (v. 1)
020 ## - INTERNATIONAL STANDARD BOOK NUMBER
International Standard Book Number 9780415327374 (v. 1)
020 ## - INTERNATIONAL STANDARD BOOK NUMBER
International Standard Book Number 0415327385 (v. 2)
020 ## - INTERNATIONAL STANDARD BOOK NUMBER
International Standard Book Number 9780415327381 (v. 2)
035 ## - SYSTEM CONTROL NUMBER
System control number (OCoLC)ocm52178678
035 ## - SYSTEM CONTROL NUMBER
System control number (OCoLC)52178678
Canceled/invalid control number (OCoLC)83272147
038 ## - RECORD CONTENT LICENSOR
Staff Name MSOHAIL
040 ## - CATALOGING SOURCE
Original cataloging agency DLC
Transcribing agency DLC
Modifying agency YDX
-- UKM
-- MUQ
-- BAKER
-- NLGGC
-- UBA
-- BTCTA
-- YDXCP
-- TEU
-- DLC
042 ## - AUTHENTICATION CODE
Authentication code pcc
050 00 - LIBRARY OF CONGRESS CALL NUMBER
Classification number GB400.3
Item number .E53 2004
082 00 - DEWEY DECIMAL CLASSIFICATION NUMBER
Classification number 551.4103
Edition number 21
084 ## - OTHER CLASSIFICATION NUMBER
Classification number 38.45
Number source bcl
245 00 - TITLE STATEMENT
Title Encyclopedia of geomorphology /
Statement of responsibility, etc. A.S. Goudie.
250 ## - EDITION STATEMENT
Edition statement Vol-1-2
260 ## - PUBLICATION, DISTRIBUTION, ETC.
Place of publication, distribution, etc. London ;
-- New York :
Name of publisher, distributor, etc. Routledge :
-- International Association of Geomorphologists,
Date of publication, distribution, etc. 2001.
300 ## - PHYSICAL DESCRIPTION
Extent . (p. xxx, 578 p.) :
Other physical details ill., maps ;
Dimensions 26 cm.
504 ## - BIBLIOGRAPHY, ETC. NOTE
Bibliography, etc. note Includes bibliographical references and index.
505 0# - FORMATTED CONTENTS NOTE
Formatted contents note v. 1. A-I -- v. 2. J-Z.
650 #0 - SUBJECT ADDED ENTRY--TOPICAL TERM
Topical term or geographic name entry element Geomorphology
Form subdivision Encyclopedias.
9 (RLIN) 25979
700 1# - ADDED ENTRY--PERSONAL NAME
Personal name Goudie, Andrew.
9 (RLIN) 7039
856 42 - ELECTRONIC LOCATION AND ACCESS
Materials specified Publisher description
Uniform Resource Identifier <a href="http://www.loc.gov/catdir/enhancements/fy0650/2003046892-d.html">http://www.loc.gov/catdir/enhancements/fy0650/2003046892-d.html</a>
906 ## - LOCAL DATA ELEMENT F, LDF (RLIN)
a 7
b cbc
c orignew
d 1
e ocip
f 20
g y-gencatlg
942 ## - ADDED ENTRY ELEMENTS (KOHA)
Source of classification or shelving scheme
Koha item type Book
Holdings
Withdrawn status Lost status Source of classification or shelving scheme Damaged status Not for loan Permanent Location Current Location Date acquired Total Checkouts Full call number Barcode Date last seen Price effective from Koha item type
          School of Civil and Environmental Engineering (SCEE) School of Civil and Environmental Engineering (SCEE) 11/21/2019   551.4103 NIT-12354 11/21/2019 11/21/2019 Book
          School of Civil and Environmental Engineering (SCEE) School of Civil and Environmental Engineering (SCEE) 11/21/2019   551.4103 NIT-12355 11/21/2019 11/21/2019 Book
© 2023 Central Library, National University of Sciences and Technology. All Rights Reserved.